Efecto local del suelo en cuatro estaciones acelerográficas del Laboratorio de Ingeniería Sísmica de la Universidad de Costa Rica, ubicadas en la provincia de San José

Na minha lista:
Detalhes bibliográficos
Autor principal: Monge Sandí, Ana Lorena, 1975-
Outros Autores: Schmidt Díaz, Víctor, 1965- Director del TFG
Formato: Livro
Publicado em: San José, Costa Rica 1999
Assuntos:
Tags: Adicionar Tag
Sem tags, seja o primeiro a adicionar uma tag!

MARC

LEADER 00000nam a2200000Ia 4500
003 008571
005 20240103133336.0
008 140114s1999 cr a m 000 ||s d
040 |c cru CEDI 
090 |a TFG 3906 
100 |a Monge Sandí, Ana Lorena, 1975-  |9 2065 
245 |a Efecto local del suelo en cuatro estaciones acelerográficas del Laboratorio de Ingeniería Sísmica de la Universidad de Costa Rica, ubicadas en la provincia de San José 
260 |a  San José, Costa Rica  |c 1999 
300 |a  146, [68] hojas : ilustraciones  
500 |a  Proyecto de graduación (licenciatura en ingeniería civil)--Universidad de Costa Rica. Escuela de Ingeniería Civil 
501 |a Director de Proyecto de Graduación Ing. Víctor Schmidt Díaz, MSc. 
650 |x SISMOMETRIA   |x MECANICA DE SUELOS  |x ACELEROGRAFOS  |9 8900 
700 |a Schmidt Díaz, Víctor, 1965-  |d Director del TFG   |9 1827 
942 |c TFG  |h TFG 3906  |i 008571  |6 TFG_3906_008571000000000 
999 |c 18583  |d 18583